000 00738nam a2200217Ii 4500
003 JO-AjNU
008 230605s9999||||xx |||||||||||||| ||und||
017 _a3353
020 _a977-413-239-6
040 _aJO-AjNU
_bara
_erda
_cJO-AjNU
041 _aara
050 1 4 _aG155.A1.B36 2009
100 3 _aالبنا، محمد,
_eauthor
_932653
245 0 0 _aاقتصاديات السياحة والفندقة
264 3 1 _a الاسكندرية: الدار الجامعية، 2009
300 _a367ص
_bيشتمل على جداول
336 _atext
_btxt
_2rdacontent
337 _aunmediated
_bn
_2rdamedia
338 _avolume
_bnc
_2rdacarrier
650 4 _aالسياحة-اقتصاديات-الفندقة-اقتصاديات
_932654
999 _aA13208
_c16776
_d16776